Historic churches : the conservation and repair of ecclesiastical buildings. (Record no. 102196)

MARC details
000 -LEADER
fixed length control field 01888cam a2200565 4500
008 - FIXED-LENGTH DATA ELEMENTS--GENERAL INFORMATION
fixed length control field 000000n2001 000 0 eng u
020 ## - INTERNATIONAL STANDARD BOOK NUMBER
International Standard Book Number 1900915189
035 ## - SYSTEM CONTROL NUMBER
System control number (Sirsi) u118911
050 ## - LIBRARY OF CONGRESS CALL NUMBER
Classification number 690.241
-- 18
110 ## - MAIN ENTRY--CORPORATE NAME
Corporate name or jurisdiction name as entry element Building Conservation Directory
9 (RLIN) 3988
245 ## - TITLE STATEMENT
Title Historic churches : the conservation and repair of ecclesiastical buildings.
250 ## - EDITION STATEMENT
Edition statement 8th ed.
260 ## - PUBLICATION, DISTRIBUTION, ETC.
Place of publication, distribution, etc. Tisbury
Name of publisher, distributor, etc. Cathedral Communications Limited
Date of publication, distribution, etc. 2001
350 ## - PRICE (NR) (BK AM CF MU VM SE) [OBSOLETE]
Price 5.95
490 ## - SERIES STATEMENT
Series statement Building Conservation Directory Special Report
Volume/sequential designation 1
505 ## - FORMATTED CONTENTS NOTE
Formatted contents note Whose church is it anyway?
505 ## - FORMATTED CONTENTS NOTE
Formatted contents note The churches of Alexander 'Greek' Thompson
505 ## - FORMATTED CONTENTS NOTE
Formatted contents note Cautious expressions of faith
505 ## - FORMATTED CONTENTS NOTE
Formatted contents note The conservation of alabaster
505 ## - FORMATTED CONTENTS NOTE
Formatted contents note But then we shall see face to face
505 ## - FORMATTED CONTENTS NOTE
Formatted contents note Doing the chores
505 ## - FORMATTED CONTENTS NOTE
Formatted contents note Structural roof repairs
505 ## - FORMATTED CONTENTS NOTE
Formatted contents note The Heston lych-gate
505 ## - FORMATTED CONTENTS NOTE
Formatted contents note Listed buildings
505 ## - FORMATTED CONTENTS NOTE
Formatted contents note The ancient art of the locksmith
505 ## - FORMATTED CONTENTS NOTE
Formatted contents note Organ donors
505 ## - FORMATTED CONTENTS NOTE
Formatted contents note Organ builders map
520 ## - SUMMARY, ETC.
Summary, etc. An annual looking at issues surrounding the conservation and repair of churches which includes a directory of useful orgnaisations, products and services.
650 ## - SUBJECT ADDED ENTRY--TOPICAL TERM
Topical term or geographic name entry element ALABASTER
650 ## - SUBJECT ADDED ENTRY--TOPICAL TERM
Topical term or geographic name entry element CHURCHES
650 ## - SUBJECT ADDED ENTRY--TOPICAL TERM
Topical term or geographic name entry element HISTORIC BUILDINGS
650 ## - SUBJECT ADDED ENTRY--TOPICAL TERM
Topical term or geographic name entry element LISTED BUILDINGS
650 ## - SUBJECT ADDED ENTRY--TOPICAL TERM
Topical term or geographic name entry element LOCKS
650 ## - SUBJECT ADDED ENTRY--TOPICAL TERM
Topical term or geographic name entry element LYCHGATES
650 ## - SUBJECT ADDED ENTRY--TOPICAL TERM
Topical term or geographic name entry element ORGANS
690 ## - LOCAL SUBJECT ADDED ENTRY--TOPICAL TERM (OCLC, RLIN)
Topical term or geographic name as entry element BUILT ENVIRONMENT-BUILDING MAINTENANCE AND REFURBISHMENT-BUILDING CONSERVATION
700 ## - ADDED ENTRY--PERSONAL NAME
Personal name Hawley, Nigel
700 ## - ADDED ENTRY--PERSONAL NAME
Personal name Taylor, Jonathan
International Standard Serial Number Editor
700 ## - ADDED ENTRY--PERSONAL NAME
Personal name Taylor, Jonathan
700 ## - ADDED ENTRY--PERSONAL NAME
Personal name Moffatt, Hannah
700 ## - ADDED ENTRY--PERSONAL NAME
Personal name Freeman, Jennifer M.
700 ## - ADDED ENTRY--PERSONAL NAME
Personal name Cox, Dennis
700 ## - ADDED ENTRY--PERSONAL NAME
Personal name Mathews, Susan
700 ## - ADDED ENTRY--PERSONAL NAME
Personal name Taylor, Jonathan
700 ## - ADDED ENTRY--PERSONAL NAME
Personal name Yeomans, David
700 ## - ADDED ENTRY--PERSONAL NAME
Personal name Ladbroke, Julian
700 ## - ADDED ENTRY--PERSONAL NAME
Personal name Olifent, Valerie
700 ## - ADDED ENTRY--PERSONAL NAME
Personal name Briscoe, Rodney
942 ## - ADDED ENTRY ELEMENTS (KOHA)
Suppress in OPAC 0
Holdings
Withdrawn status Lost status Source of classification or shelving scheme Damaged status Not for loan Home library Current library Shelving location Date acquired Cost, normal purchase price Total Checkouts Full call number Barcode Date last seen Date last checked out Copy number Cost, replacement price Price effective from Koha item type
    Dewey Decimal Classification     London London Books 09/08/2002 5.06 12 F690.241 TAY 30066399 06/08/2019 21/04/2008 1 5.06 06/08/2019 Book